Представление документа в формате RUSMARC

ПолеНазваниеЗначение
  Тип записи a
  Библиографический уровень m
001 Контрольный номер 7bb89ca048434d21935dccbe45fe3e4f
005 Дата корректировки 20150605154512.8
010 Индекс ISBN __
a ISBN 978-5-4252-0131-7
101 Язык документа 0_
a Язык текста rus
102 Страна публикации __
a Страна публикации RU
200 Заглавие и сведения об ответственности 1_
a Заглавие Маркетинговый анализ
b Общее обозначение материала Текст
e Сведения, относящиеся к заглавию учебник
f Первые сведения об ответственности М. В. Мельник
210 Выходные данные 1_
a Место издания М.
c Издательство Рид Групп
d Дата издания 2011
215 Физическое описание __
a Объем 384 с.
610 Ключевые слова 0_
a Ключевые слова маркетинговый анализ
686 Индексы других классификаций __
a Классификационный индекс 65.050.9(2)2
700 Автор _1
a Фамилия Мельник
b Имя М. В.
801 Источник записи _0
a Страна RU
b Организация РУК
c Дата составления 05.06.2015
g Правила каталогизации PSBO
801 Источник записи _1
a Страна RU
b Организация РУК
c Дата составления 05.06.2015
g Правила каталогизации PSBO
852 Данные о местонахождении __
i Авторский знак М 48
j Шифр хранения ББК 65.050.9(2)2
901 Тип документа __
t Тип документа m
937 Технологическая информация __
a Создатель записи (имя) Морозова
938 Служебная информация __
a Название организации Арзамасский филиал